000 00266nam a2200097Ia 4500
001 794269
005 20250826170705.0
008 250824s9999 xx 000 0 und d
245 0 _aSELÇUKLU DÖNEMİ MUTFAĞI
_cNEVİN HALICI
260 _bSELÇUKLU BELEDİYESİ YAYINLARI
999 _c794269
_d794269